00533 2200181 4500001002100000005001500021008004100036020001800077035001900095041000700114082001400121090002000135100002700155245005800182260004200240300001800282650005100300INLIS00000000001292120241224114445241224||||||||| | ||| |||| || |  a979-553-916-7 0010-1224012921 aid0 a398.598 3 a398.598 3 ATM g0 aEmot Rahmat Taendiftia00aGado - Gado Betawi Masyarakat Betawi &Ragam Budayanya aJakartabGramedia Pustaka Utamac1998 a48hlm;14x21cm 0aAdat Adat istiadat & Kebiasaan ,Etiket Folklor